000 00855nam a22002537a 4500
003 dpl
005 20180524153210.0
008 180524b xxu||||| |||| 00| 0 eng d
010 _aA-949956
020 _c250.00
_a8185234477
035 _aA-949956, A-949938
037 _bCen Lib/Ret
040 _aDPL
_bEN
_c0
082 _a883.08
_bCHA
100 _aChakravarty, Joya
_923574
245 _aThe dickensian scenario :
_cby Joya Chakravarty
_bwomen characters /
260 _bBohra Prakashan
_aJaipur
_c1997
270 _aChaura Rasta
_bJaipur
_e302 003
300 _aviii,150p.
_c20cm(Hb)
500 _aIncludes bibliographical references
650 _aDickens, Charles, 1812-1870 -- Criticism and interpretation
_923575
650 _aDickens, Charles, 1812-1870 -- Characters -- Women
_923576
942 _2ddc
_cEN
_h883.08
_mCHA
999 _c128491
_d128491